| 000 | 00338cam a22001217a 4500 | ||
|---|---|---|---|
| 008 | 180718b1988 xxu||||| |||| 00| 0 eng d | ||
| 082 | _aT19x54 K141 | ||
| 245 |
_aIndian economy since independence _cedited by Uma Kapila |
||
| 260 |
_aDelhi _bSynapse _c1988 |
||
| 300 | _a2v. | ||
| 650 | _aIndia - Economic conditions | ||
| 700 | _aKapila, Uma | ||
| 999 |
_c347450 _d347450 |
||